00530 2200205 4500001002100000005001500021035002000036007000300056008004100059020002200100082001100122084001700133100001700150245004800167250001000215260004500225300002600270650001700296990001100313INLIS00000000000059420171010025807 a0010-1017000148ta171010 f 0 ind  a978-602-73059-3-9 a297.14 a297.14 FAR z0 aFarid, Ahmad1 aZuhud dan Kelebutan Hati /cDr. Ahmad Farid acet.2 aDepok :bPustaka Khazanah Fawa'id,c2016 a570 hlm ;c17 x 24 cm aIslam, Fiqih a6074 a